000
00326pab a2200133 454500
008
180718b1986 xxu||||| |||| 00| 0 eng d
100
_a
Kapoor, B.M.
245
_a
Managing the human resource - a practical approach
260
_c
1986
300
_a
21-4
650
_a
Manpower
773
_a
Management Review
909
_a
13184
999
_c
13184
_d
13184